Surface water-quality modeling

Αποθηκεύτηκε σε:
Λεπτομέρειες βιβλιογραφικής εγγραφής
Κύριος συγγραφέας: Chapra, Steven C.
Μορφή: Βιβλίο
Γλώσσα:English
Δημοσίευση: Boston : McGraw Hill, c1997
Σειρά:McGraw-Hill series in water resources and environmental engineering
Θέματα:
Ετικέτες: Προσθήκη ετικέτας
Δεν υπάρχουν, Καταχωρήστε ετικέτα πρώτοι!

MARC

LEADER 00000nam a2200000 i 4500
001 1/16456
008 010129s1997 eng d
020 |a 0-07-011364-5 
035 |l 10065779 
040 |a GR-MY-UA  |b gre  |e aacr 
041 0 |a eng 
082 0 |a 628.161015118 
100 1 |a Chapra, Steven C. 
245 1 0 |a Surface water-quality modeling /  |c Steven C. Chapra 
260 |a Boston :   |b McGraw Hill,   |c c1997 
300 |a 844 p.  |b fig. 
490 1 |a McGraw-Hill series in water resources and environmental engineering 
504 |a Includes bibliographical references and index 
650 0 0 |a Water quality  |x Mathematical models. 
830 0 |a McGraw-Hill series in water resources and environmental engineering 
852 |a INST  |b LESVOS  |e 20010129  |h 628.161015118 CHA  |p 005100029121  |q 005100029121  |t BK  |y 0 
901 |a BIBL1-2001-1 
909 |a Λ  |b 084773 
922 |a 1ΕΛΗ  |b 200012  |c ΤΑΚ/ΤΠ  |d ΜΙΧΑΛΟΠΟΥΛΟΣ 
950 |a 107-2000-12-04 
970 |a ΤΖΑΦΕΡΗ  |b ΕΥΑΓΓΕΛΙΑ  |z 2001/03/02